|
|
|
|
| LEADER |
00000nab a2200000 a 4500 |
| 001 |
vtls000397823 |
| 003 |
SK-MaSNL |
| 005 |
20260304024743.0 |
| 008 |
230223c1990 xo 0 cze |
| 015 |
|
|
|a SNBRB19rr/mm-uuuuu
|
| 035 |
|
|
|a CL0397947
|
| 035 |
|
|
|a (urnnbn)urn:nbn:sk:snk:ar-005jfs
|
| 035 |
|
|
|a (uuid)d89d1aa9-37d4-483b-9b8b-f1209d28cec5
|
| 035 |
|
|
|a urn:nbn:sk:snk-ab7zz1
|
| 040 |
|
|
|a SNKBUCL
|b slo
|c SNKBUCL
|e AACR2
|
| 041 |
0 |
|
|a cze
|
| 044 |
|
|
|a xo
|c SK
|
| 080 |
|
|
|a 551.243.1
|2 1981
|
| 100 |
1 |
|
|a Hubatka, František
|4 aut
|9 1305866
|
| 245 |
1 |
0 |
|a Stromečkové struktury - důkazy pro horizontální posuny ve vídeňské pánvi
|c František Hubatka, Lubomil Pospíšil
|
| 300 |
|
|
|b Obr. 5. Res. angl., lit. 10 zázn. v slov., češ., angl.
|
| 650 |
0 |
7 |
|a viedenská panva
|2 snkbucl
|9 1305863
|
| 650 |
0 |
7 |
|a posuny horizontálne (geol.)
|2 snkbucl
|9 1305867
|
| 650 |
0 |
7 |
|a zlomy (geol.)
|2 snkbucl
|9 1154845
|
| 655 |
|
7 |
|a články z novín a časopisov
|2 snkbucl
|9 267496
|
| 700 |
1 |
|
|a Pospíšil, Lubomil,
|d 1946-
|4 aut
|9 41611
|
| 773 |
0 |
|
|t Mineralia slovaca
|g Roč. 22, č. 1 (1990), s. 63-67
|
| 850 |
|
|
|a Slovenská národná knižnica v Martine
|a MTA001
|
| 852 |
|
|
|a SNK
|b KIS3GCP
|
| 958 |
|
|
|a NB
|
| 958 |
|
|
|a RK
|
| 958 |
|
|
|a OND
|
| 958 |
|
|
|a EUIPO
|
| 958 |
|
|
|a article9
|
| 992 |
|
|
|a RBX
|
| 999 |
|
|
|c 2623421
|d 2625351
|